[Event "DVM U14 2017"]
[Site "Verden/Aller GER"]
[Date "2017.12.27"]
[Round "2"]
[White "Suvorov, Alexander"]
[Black "Kotyk, Michael"]
[Result "1-0"]
[Termination "normal"]
[Board "1.1"]
[WhiteElo "2126"]
[BlackElo "1916"]
[WhiteClock "00:07:25"]
[BlackClock "00:02:36"]
[WhiteTeam "SG Porz"]
[BlackTeam "Hamburger SK"]
[PlyCount "139"]
[WhiteFideId "12977063"]
[BlackFideId "16214501"]
[EventCountry "GER"]
[EventRounds "7"]
[EventType "team-swiss"]
[EventDate "2017.12.26"]

1. d4 Nf6 2. c4 e6 3. Nf3 Bb4+ 4. Bd2 Qe7 5. g3 Bxd2+ 6. Qxd2 Nc6 7. Nc3 d5 8.
Bg2 dxc4 9. O-O O-O 10. e4 e5 11. d5 Rd8 12. Qe2 Na5 13. Nd2 Qc5 14. Rfc1 c6
15. dxc6 Bg4 16. Qe1 Nxc6 17. Nd5 b5 18. h3 Be6 19. Nxf6+ gxf6 20. Nf1 Nd4 21.
Qe3 Qf8 22. f3 Qg7 23. h4 f5 24. exf5 Nxf5 25. Qf2 Bd5 26. g4 Nd4 27. Ng3 Qg6
28. Re1 f6 29. Rad1 Qh6 30. Nh5 Qg6 31. Qg3 a5 32. Qf2 Kh8 33. Nf4 Qc2 34. Nxd5
Qxf2+ 35. Kxf2 Rxd5 36. f4 Rad8 37. Bxd5 Rxd5 38. fxe5 fxe5 39. g5 Kg7 40. Kg2
b4 41. Rc1 Rc5 42. Re3 Nf5 43. Re4 Nd6 44. Re2 Nf5 45. Kh3 Nd4 46. Re3 Nf5 47.
Re4 Nd6 48. Re2 Rd5 49. h5 Rd3+ 50. Kg4 Rd4+ 51. Kf3 Rf4+ 52. Kg3 Nf5+ 53. Kh2
Rh4+ 54. Kg2 Rg4+ 55. Kf2 Rf4+ 56. Kg1 Rg4+ 57. Rg2 Rd4 58. g6 Nh4 59. h6+ Kg8
60. gxh7+ Kxh7 61. Rgc2 Nf3+ 62. Kf2 e4 63. Rxc4 Rd2+ 64. Ke3 Rxb2 65. Rh1 Rh2
66. Rxh2 Nxh2 67. Rxe4 Nf1+ 68. Kd3 Kxh6 69. Rg4 a4 70. Rg1 1-0

[Event "DVM U14 2017"]
[Site "Verden/Aller GER"]
[Date "2017.12.27"]
[Round "2"]
[White "Goltser, Ilja"]
[Black "Suvorov, Luca"]
[Result "0-1"]
[Termination "normal"]
[Board "1.2"]
[WhiteElo "1698"]
[BlackElo "2079"]
[WhiteClock "00:20:38"]
[BlackClock "00:10:14"]
[WhiteTeam "Hamburger SK"]
[BlackTeam "SG Porz"]
[PlyCount "108"]
[WhiteFideId "14174782"]
[BlackFideId "12977071"]
[EventCountry "GER"]
[EventRounds "7"]
[EventType "team-swiss"]
[EventDate "2017.12.26"]

1. e4 e5 2. Nf3 Nc6 3. Bc4 Nf6 4. d3 Be7 5. c3 O-O 6. Nbd2 d6 7. Bb3 Na5 8. Bc2
c5 9. h3 Nc6 10. Nf1 Re8 11. Ne3 d5 12. O-O h6 13. Qe2 a6 14. Rd1 d4 15. Nc4
Qc7 16. a4 Be6 17. Bb3 b5 18. Ncd2 Qd6 19. Bxe6 Qxe6 20. c4 bxa4 21. Rxa4 Nd7
22. b3 Bg5 23. Bb2 Bxd2 24. Qxd2 Reb8 25. Ra3 Rb4 26. Qc2 Ne7 27. Rda1 Qb6 28.
Bc1 Qe6 29. Bd2 Rb6 30. Qa2 Nb8 31. Ba5 Rb7 32. Ne1 Nec6 33. Nc2 Nxa5 34. Rxa5
Qb6 35. Rb1 Nc6 36. Ra4 Rba7 37. b4 cxb4 38. Nxb4 Rb8 39. Kh2 Nxb4 40. Raxb4
Qxb4 41. Rxb4 Rxb4 42. Qa5 Rb3 43. Qxe5 a5 44. c5 Rbb7 45. Qxd4 a4 46. c6 Rc7
47. Qd5 a3 48. Qa2 Rxc6 49. e5 Rb6 50. d4 Rb2 51. Qa1 a2 52. Qxb2 a1=Q 53. Qb8+
Kh7 54. d5 Re7 0-1

[Event "DVM U14 2017"]
[Site "Verden/Aller GER"]
[Date "2017.12.27"]
[Round "2"]
[White "Zyla, Lennert"]
[Black "Grabbel, Lennart Christian"]
[Result "0-1"]
[Termination "normal"]
[Board "1.3"]
[WhiteElo "1809"]
[BlackElo "1674"]
[WhiteClock "00:26:28"]
[BlackClock "00:45:03"]
[WhiteTeam "SG Porz"]
[BlackTeam "Hamburger SK"]
[PlyCount "100"]
[WhiteFideId "12981567"]
[BlackFideId "16201620"]
[EventCountry "GER"]
[EventRounds "7"]
[EventType "team-swiss"]
[EventDate "2017.12.26"]

1. e4 c5 2. Nf3 e6 3. d4 cxd4 4. Nxd4 a6 5. Nc3 Qc7 6. Be3 Bb4 7. Qd2 Nf6 8.
Bd3 d5 9. exd5 Nxd5 10. Nde2 Nxe3 11. Qxe3 Nd7 12. Qd4 Bxc3+ 13. Nxc3 O-O 14.
O-O Rd8 15. Rad1 Rb8 16. Rfe1 b5 17. Qh4 g6 18. Ne4 Bb7 19. Ng5 Nf8 20. Re3 Qc6
21. Rg3 Rbc8 22. Rf1 Kg7 23. Ne4 Qc7 24. Qf6+ Kg8 25. Ng5 Re8 26. Rh3 Qe7 27.
Qf4 e5 28. Qh4 e4 29. Re3 f5 30. Qf4 Qg7 31. Rfe1 Red8 32. Bf1 Rxc2 33. Rc3
Rxc3 34. bxc3 Rc8 35. Rd1 h6 36. Nh3 Rxc3 37. Rd8 Rc8 38. Rd6 Qa1 39. Qxh6 Rc1
40. Rxg6+ Nxg6 41. Qxg6+ Kf8 42. Qxf5+ Ke8 43. Qg6+ Kd8 44. Qg5+ Kc7 45. Qf4+
Kc8 46. Qg4+ Kb8 47. Qe2 Bd5 48. g3 Bc4 49. Qxe4 Bxf1 50. Qf4+ Rc7 0-1

[Event "DVM U14 2017"]
[Site "Verden/Aller GER"]
[Date "2017.12.27"]
[Round "2"]
[White "Klaas, Heiko"]
[Black "Gallasch, Robin"]
[Result "0-1"]
[Termination "normal"]
[Board "1.4"]
[WhiteElo "1618"]
[BlackElo "1682"]
[WhiteClock "00:28:03"]
[BlackClock "00:36:02"]
[WhiteTeam "Hamburger SK"]
[BlackTeam "SG Porz"]
[PlyCount "102"]
[WhiteFideId "16215940"]
[BlackFideId "16222423"]
[EventCountry "GER"]
[EventRounds "7"]
[EventType "team-swiss"]
[EventDate "2017.12.26"]

1. e4 c6 2. d4 d5 3. Nd2 dxe4 4. Nxe4 Bf5 5. Ng3 Bg6 6. Nh3 e6 7. Nf4 Bd6 8.
Ngh5 Bxf4 9. Nxf4 Bf5 10. Bc4 Nf6 11. b3 O-O 12. Bb2 Qc7 13. Qd2 Nbd7 14. O-O-O
Nd5 15. Ne2 N7f6 16. f3 a5 17. g4 Bg6 18. h4 h5 19. g5 Nd7 20. f4 b5 21. Bxd5
cxd5 22. Ng3 Rfc8 23. c3 b4 24. Ne2 a4 25. Qe3 axb3 26. axb3 bxc3 27. Nxc3 Qb8
28. Kd2 Qxb3 29. Ba1 Qc2+ 30. Ke1 Nb6 31. Ne2 Nc4 32. Qc3 Qe4 33. Rh3 Na3 34.
Qf3 Qxf3 35. Rxf3 Nc2+ 36. Kf2 Rxa1 37. Rxa1 Nxa1 38. Rc3 Rxc3 39. Nxc3 Nc2 40.
Ne2 Bd3 41. Nc3 Bc4 42. Nd1 Nxd4 43. Ne3 Nf5 44. Nxf5 exf5 45. Ke3 Kf8 46. Kd4
Ke7 47. Ke5 g6 48. Kd4 Kd6 49. Ke3 Kc5 50. Kd2 Kd4 51. Ke1 Ke3 1-0

[Event "DVM U14 2017"]
[Site "Verden/Aller GER"]
[Date "2017.12.27"]
[Round "2"]
[White "Huber, Benedikt"]
[Black "Post, Hugo"]
[Result "1/2-1/2"]
[Termination "normal"]
[Board "2.1"]
[WhiteElo "2015"]
[BlackElo "2025"]
[WhiteClock "00:12:42"]
[BlackClock "00:21:50"]
[WhiteTeam "SK München Südost"]
[BlackTeam "Reideburger SV 90 Halle"]
[PlyCount "98"]
[WhiteFideId "12923583"]
[BlackFideId "12962490"]
[EventCountry "GER"]
[EventRounds "7"]
[EventType "team-swiss"]
[EventDate "2017.12.26"]

1. d4 Nf6 2. Nc3 d5 3. Bf4 e6 4. e3 Bb4 5. Bd3 c5 6. dxc5 Bxc3+ 7. bxc3 Qa5 8.
Bd6 Qxc3+ 9. Kf1 Nc6 10. Ne2 Qa5 11. Nd4 Ne4 12. Bxe4 dxe4 13. Nxc6 bxc6 14. g3
Qc3 15. Kg2 h5 16. Qd4 Qxd4 17. exd4 Ba6 18. Rhe1 f5 19. f3 exf3+ 20. Kxf3 Kf7
21. h4 Rhd8 22. Kf4 Bc4 23. a3 Rd7 24. Rab1 Rad8 25. Rb4 Bd5 26. Reb1 Be4 27.
R1b2 Kf6 28. c3 Bd3 29. Be5+ Kf7 30. Kg5 Be4 31. Kxh5 f4 32. Kg4 fxg3 33. Kxg3
Kg6 34. Rb8 Rxb8 35. Rxb8 Rf7 36. Bf4 Bd5 37. a4 Kf5 38. Rb1 Ke4 39. Re1+ Kd3
40. Re3+ Kc2 41. Kg4 Kb3 42. a5 Ka4 43. a6 Kb5 44. Be5 Kxa6 45. Kg5 Kb5 46. Kg6
Rf3 47. Re1 a5 48. Rb1+ Kc4 49. Ra1 Kb5 1/2-1/2

[Event "DVM U14 2017"]
[Site "Verden/Aller GER"]
[Date "2017.12.27"]
[Round "2"]
[White "Costa, Leonardo"]
[Black "Henning, Marvin"]
[Result "0-1"]
[Termination "normal"]
[Board "2.3"]
[WhiteElo "1851"]
[BlackElo "2004"]
[WhiteClock "00:03:22"]
[BlackClock "00:05:34"]
[WhiteTeam "SK München Südost"]
[BlackTeam "Reideburger SV 90 Halle"]
[PlyCount "70"]
[WhiteFideId "16213955"]
[BlackFideId "12957399"]
[EventCountry "GER"]
[EventRounds "7"]
[EventType "team-swiss"]
[EventDate "2017.12.26"]

1. e4 d5 2. exd5 Qxd5 3. Nc3 Qd6 4. d4 Nf6 5. Nf3 c6 6. g3 Bg4 7. Bg2 e6 8. O-O
Nbd7 9. h3 Bxf3 10. Bxf3 Qc7 11. Bf4 Bd6 12. Bxd6 Qxd6 13. Re1 Nb6 14. Qd3 O-O
15. Ne4 Nxe4 16. Bxe4 h6 17. c4 Nd7 18. Rad1 Rad8 19. Qb3 Qc7 20. Bf3 Nf6 21.
d5 exd5 22. cxd5 c5 23. Qc4 Qb6 24. Re7 Rd6 25. b3 Rfd8 26. Kg2 Kf8 27. Rde1 g6
28. Qf4 g5 29. Qe5 R8d7 30. Re8+ Kg7 31. h4 g4 32. Be4 Qb4 33. Re3 Qd4 34. Qxd4
cxd4 35. Rd3 Nxe8 0-1

[Event "DVM U14 2017"]
[Site "Verden/Aller GER"]
[Date "2017.12.27"]
[Round "2"]
[White "Seidel, Arne Christian"]
[Black "Klonov, Jakov"]
[Result "1-0"]
[Termination "normal"]
[Board "2.4"]
[WhiteElo "1580"]
[BlackElo "1262"]
[WhiteClock "00:14:33"]
[BlackClock "00:15:23"]
[WhiteTeam "Reideburger SV 90 Halle"]
[BlackTeam "SK München Südost"]
[PlyCount "97"]
[WhiteFideId "16235142"]
[BlackFideId "16211928"]
[EventCountry "GER"]
[EventRounds "7"]
[EventType "team-swiss"]
[EventDate "2017.12.26"]

1. d4 Nf6 2. c4 g6 3. g3 Bg7 4. Bg2 d6 5. Nf3 O-O 6. O-O c5 7. d5 e6 8. Nc3 Re8
9. Nd2 Nbd7 10. f4 Nb6 11. a4 Ng4 12. Nf3 Nxc4 13. Qd3 exd5 14. Nxd5 Nb6 15. h3
Nxd5 16. Qxd5 Nf6 17. Qd3 Bf5 18. Qd1 Qb6 19. Kh2 Be4 20. Ra3 Bxf3 21. Bxf3 Ne4
22. Rb3 Qa6 23. Rb5 b6 24. Qc2 d5 25. Rd1 Rad8 26. Bxe4 dxe4 27. Rxd8 Rxd8 28.
Qxe4 Kf8 29. Qc2 Qc8 30. e4 Re8 31. Rb3 Re7 32. Re3 Bd4 33. Re2 Qe8 34. Bd2 f6
35. Be1 f5 36. e5 Qc6 37. Bf2 Bxf2 38. Rxf2 Re6 39. Qd1 Ke7 40. Rd2 Qc7 41. Rd5
Rc6 42. Qc2 Re6 43. Qc4 Qb7 44. b4 cxb4 45. Qxb4+ Kf7 46. Qb5 Rc6 47. Qb3 Qc7
48. Rd7+ Ke8 49. Qf7# 1-0

[Event "DVM U14 2017"]
[Site "Verden/Aller GER"]
[Date "2017.12.27"]
[Round "2"]
[White "Hüls, Maximilian"]
[Black "Krastev, Alexander"]
[Result "0-1"]
[Termination "normal"]
[Board "3.1"]
[WhiteElo "1944"]
[BlackElo "2004"]
[WhiteTeam "SV Mattnetz Berlin"]
[BlackTeam "Biebertaler SF"]
[PlyCount "100"]
[WhiteFideId "12949698"]
[BlackFideId "12989983"]
[EventCountry "GER"]
[EventRounds "7"]
[EventType "team-swiss"]
[EventDate "2017.12.26"]

1. e4 d5 2. exd5 Qxd5 3. Nc3 Qd6 4. Bc4 Nf6 5. d3 a6 6. a3 b5 7. Ba2 Bb7 8. Nf3
e6 9. O-O Nbd7 10. Re1 Be7 11. Be3 c5 12. Nd2 O-O 13. Nde4 Qc6 14. f3 Rad8 15.
Qe2 Rfe8 16. Rad1 Nd5 17. Nxd5 exd5 18. Ng3 Bf6 19. Qf2 Bxb2 20. c4 Bc3 21. Re2
d4 22. Bg5 Ra8 23. Ne4 b4 24. axb4 Bxb4 25. Bf4 Re6 26. Ng5 Rxe2 27. Qxe2 h6
28. Ne4 Re8 29. Qc2 Nb6 30. Bb3 Qd7 31. Bd2 Bxe4 32. fxe4 a5 33. Bxb4 axb4 34.
Ra1 Qc6 35. Ra5 Ra8 36. Qa2 Rxa5 37. Qxa5 Qa8 38. Qxb6 Qa1+ 39. Kf2 Qb2+ 40.
Kg1 Qxb3 41. Qxc5 Qd1+ 42. Kf2 Qd2+ 43. Kf1 Qxd3+ 44. Kg1 Qxe4 45. Qxb4 d3 46.
h3 Qd4+ 47. Kh2 d2 48. Qb8+ Kh7 49. Qb1+ g6 50. Qd1 Qe5+ {Aufgabe Weiß} 0-1

[Event "DVM U14 2017"]
[Site "Verden/Aller GER"]
[Date "2017.12.27"]
[Round "2"]
[White "Engert, Kiyan"]
[Black "Bui, Bao Anh Le"]
[Result "1-0"]
[Termination "normal"]
[Board "3.2"]
[WhiteElo "1560"]
[BlackElo "1942"]
[WhiteTeam "Biebertaler SF"]
[BlackTeam "SV Mattnetz Berlin"]
[PlyCount "57"]
[WhiteFideId "16214870"]
[BlackFideId "12970719"]
[EventCountry "GER"]
[EventRounds "7"]
[EventType "team-swiss"]
[EventDate "2017.12.26"]

1. d4 d5 2. Nf3 e6 3. Bf4 c5 4. e3 Nc6 5. c3 Nf6 6. Nbd2 Bd6 7. Bg3 Bxg3 8.
hxg3 Qd6 9. Be2 O-O 10. O-O e5 11. dxe5 Nxe5 12. Nxe5 Qxe5 13. Nf3 Qe7 14. Qc2
Rd8 15. Rfd1 Ne4 16. Bd3 Bg4 17. c4 Ng5 18. cxd5 Nxf3+ 19. gxf3 Bxf3 20. Rd2
Rd6 21. Bf1 Rxd5 22. Rxd5 Bxd5 23. Bh3 Rd8 24. Rd1 b6 25. Qd3 c4 26. Qd4 Qf8
27. e4 Be6 28. Qxd8 Bxh3 29. Qh4 {Aufgabe Schwarz} 1-0

[Event "DVM U14 2017"]
[Site "Verden/Aller GER"]
[Date "2017.12.27"]
[Round "2"]
[White "Schnabel, Luise"]
[Black "Grunwald, Jonathan"]
[Result "1/2-1/2"]
[Termination "normal"]
[Board "3.3"]
[WhiteElo "1795"]
[BlackElo "1678"]
[WhiteTeam "SV Mattnetz Berlin"]
[BlackTeam "Biebertaler SF"]
[PlyCount "114"]
[WhiteFideId "12943347"]
[BlackFideId "12955744"]
[EventCountry "GER"]
[EventRounds "7"]
[EventType "team-swiss"]
[EventDate "2017.12.26"]

1. e4 e5 2. Nf3 Nc6 3. Bb5 a6 4. Bxc6 dxc6 5. O-O Qf6 6. d4 exd4 7. Qxd4 Qxd4
8. Nxd4 Bd7 9. c3 c5 10. Nc2 O-O-O 11. Be3 Bb5 12. Rc1 Nf6 13. f3 Be7 14. Nd2
Rd7 15. c4 Bc6 16. e5 Ne8 17. Nb3 b6 18. Re1 g6 19. Bf2 Ng7 20. Ne3 Ne6 21.
Rad1 Rhd8 22. Bg3 Rxd1 23. Rxd1 Rxd1+ 24. Nxd1 Ba4 25. Nc3 Bxb3 26. axb3 c6 27.
Nb1 Nd4 28. Nd2 h5 29. Kf2 g5 30. h3 b5 31. Bh2 Kd7 32. Ke3 Nc2+ 33. Ke4 Ke6
34. g4 h4 35. Bg1 Ne1 36. Nf1 Ng2 37. Be3 f6 38. exf6 Bxf6 39. Bxc5 Bxb2 40.
Be3 Bf6 41. Bd2 c5 42. Be3 Be7 43. Bd2 Bf6 44. cxb5 axb5 45. f4 Nxf4 46. Bxf4
gxf4 47. Kxf4 c4 48. bxc4 bxc4 49. Ne3 c3 50. g5 Bd4 51. Nc2 Bf2 52. Kf3 Bg3
53. Kg4 Kf7 54. Kf5 Kg7 55. g6 Bf2 56. Kg5 Bg3 57. Kf5 Bf2 1/2-1/2

[Event "DVM U14 2017"]
[Site "Verden/Aller GER"]
[Date "2017.12.27"]
[Round "2"]
[White "Peschel, Julia"]
[Black "Grozea, Filip"]
[Result "0-1"]
[Termination "normal"]
[Board "3.4"]
[WhiteElo "1514"]
[BlackElo "1604"]
[WhiteTeam "Biebertaler SF"]
[BlackTeam "SV Mattnetz Berlin"]
[PlyCount "112"]
[WhiteFideId "16255593"]
[BlackFideId "12958450"]
[EventCountry "GER"]
[EventRounds "7"]
[EventType "team-swiss"]
[EventDate "2017.12.26"]

1. e4 c6 2. d4 d5 3. e5 Bf5 4. Nf3 e6 5. Bd3 Bxd3 6. Qxd3 c5 7. c3 Qb6 8. O-O
Nc6 9. Rd1 cxd4 10. cxd4 Nge7 11. Nbd2 Nf5 12. Nb3 Rc8 13. Bd2 Bb4 14. Rac1 O-O
15. g4 Bxd2 16. Rxd2 Nb4 17. Qb1 Ne7 18. Ng5 Ng6 19. a3 h6 20. Nf3 Na6 21. Qd3
Rxc1+ 22. Nxc1 Rc8 23. Ne2 Qd8 24. Qe3 Nh4 25. Nxh4 Qxh4 26. Qg3 Qxg3+ 27. Nxg3
Nb8 28. Ne2 Nd7 29. Nc3 a6 30. f4 b5 31. f5 Nb6 32. Rc2 Na4 33. Kf2 Nxb2 34.
Ke2 Nc4 35. Nd1 Kf8 36. Nb2 Ke8 37. Nd3 Kd8 38. Nb4 a5 39. Na6 Nxa3 40. Rxc8+
Kxc8 41. Nc5 b4 42. Kd2 Nb5 43. fxe6 fxe6 44. Nxe6 Kd7 45. Kd3 Kxe6 46. h4 g5
47. hxg5 hxg5 48. Kc2 Nxd4+ 49. Kd3 b3 50. Kc3 Kxe5 51. Kb2 a4 52. Ka3 Ke4 53.
Kb2 Kd3 54. Ka3 Kc2 55. Kb4 b2 56. Kxa4 b1=Q {Aufgabe Weiß} 0-1

[Event "DVM U14 2017"]
[Site "Verden/Aller GER"]
[Date "2017.12.27"]
[Round "2"]
[White "Burian, Simon"]
[Black "Sulayev, Daniel"]
[Result "1-0"]
[Termination "normal"]
[Board "4.1"]
[WhiteElo "1963"]
[BlackElo "2058"]
[WhiteTeam "SK König Plauen"]
[BlackTeam "SV Empor Berlin"]
[PlyCount "79"]
[WhiteFideId "12956902"]
[BlackFideId "12977675"]
[EventCountry "GER"]
[EventRounds "7"]
[EventType "team-swiss"]
[EventDate "2017.12.26"]

1. e4 c5 2. Nf3 Nc6 3. d4 cxd4 4. Nxd4 Nf6 5. Nc3 e5 6. Ndb5 d6 7. Bg5 a6 8.
Na3 b5 9. Bxf6 gxf6 10. Nd5 Bg7 11. c3 f5 12. exf5 Bxf5 13. Nc2 O-O 14. Nce3
Be6 15. Bd3 f5 16. O-O Ne7 17. Nxe7+ Qxe7 18. a4 Qd7 19. Bc2 d5 20. Qh5 e4 21.
Bb3 Rad8 22. Rfd1 Qb7 23. Rd2 b4 24. cxb4 Qc6 25. b5 axb5 26. axb5 Qxb5 27. Qd1
Rf7 28. Bxd5 Bxd5 29. Rxd5 Rxd5 30. Nxd5 Qxb2 31. Ra8+ Bf8 32. g3 Qe5 33. Qd2
h6 34. Nf4 Kh7 35. Qa2 Qf6 36. Ra6 Qe7 37. Ng6 Qe8 38. Ra8 Qd7 39. Nxf8+ Rxf8
40. Ra7 {Aufgabe Schwarz} 1-0

[Event "DVM U14 2017"]
[Site "Verden/Aller GER"]
[Date "2017.12.27"]
[Round "2"]
[White "Breitzmann, Sander"]
[Black "Hörkner, Nico"]
[Result "0-1"]
[Termination "normal"]
[Board "4.2"]
[WhiteElo "1778"]
[BlackElo "1605"]
[WhiteTeam "SV Empor Berlin"]
[BlackTeam "SK König Plauen"]
[PlyCount "54"]
[WhiteFideId "12987085"]
[BlackFideId "12974900"]
[EventCountry "GER"]
[EventRounds "7"]
[EventType "team-swiss"]
[EventDate "2017.12.26"]

1. e4 c5 2. Nf3 e6 3. c4 Nc6 4. Nc3 Qc7 5. Be2 Nf6 6. O-O a6 7. d4 cxd4 8. Nxd4
Bb4 9. Qd3 O-O 10. f4 Nxd4 11. e5 Nxe2+ 12. Qxe2 Ne8 13. Rf3 f5 14. Rh3 d6 15.
a3 Bc5+ 16. Kh1 Qe7 17. b4 Bd4 18. Rd3 Bxc3 19. Rxc3 Bd7 20. Bb2 Bc6 21. Rg3
Rf7 22. Re1 Be4 23. Rd1 Rd8 24. Qd2 Rd7 25. Qc1 Qd8 26. Qa1 dxe5 27. Rxd7 Rxd7
0-1

[Event "DVM U14 2017"]
[Site "Verden/Aller GER"]
[Date "2017.12.27"]
[Round "2"]
[White "Ertl, Liam"]
[Black "Heckmann, Till"]
[Result "0-1"]
[Termination "normal"]
[Board "4.3"]
[WhiteElo "1395"]
[BlackElo "1719"]
[WhiteTeam "SK König Plauen"]
[BlackTeam "SV Empor Berlin"]
[PlyCount "78"]
[WhiteFideId "12993263"]
[BlackFideId "12987093"]
[EventCountry "GER"]
[EventRounds "7"]
[EventType "team-swiss"]
[EventDate "2017.12.26"]

1. e4 e6 2. d4 d5 3. Nd2 dxe4 4. Nxe4 Nd7 5. Nf3 Ngf6 6. Nxf6+ Nxf6 7. Bd3 Be7
8. O-O O-O 9. Bd2 b6 10. Qe2 Bb7 11. Rad1 Bxf3 12. Qxf3 Qxd4 13. Bc3 Qg4 14.
Be2 Qxf3 15. Bxf3 Rad8 16. Be5 Bd6 17. Bc3 Nd5 18. Bxd5 exd5 19. Rd3 c5 20.
Rfd1 d4 21. Bd2 c4 22. Rh3 Be5 23. Re1 Rfe8 24. Kf1 h6 25. Rh4 Bf6 26. Rg4 Kh7
27. Rge4 Rxe4 28. Rxe4 c3 29. bxc3 dxc3 30. Be3 Bg5 31. f4 Bf6 32. g3 Rd1+ 33.
Ke2 Rh1 34. h4 Rh2+ 35. Kd3 Rg2 36. Kc4 Rxc2 37. Bd4 Bxd4 38. Kxd4 Rxa2 39. Re7
c2 {Aufgabe Weiß} 0-1

[Event "DVM U14 2017"]
[Site "Verden/Aller GER"]
[Date "2017.12.27"]
[Round "2"]
[White "Pysarenko, Kyrill"]
[Black "Melitzki, Richard"]
[Result "1-0"]
[Termination "normal"]
[Board "4.4"]
[WhiteElo "1751"]
[BlackElo "1230"]
[WhiteTeam "SV Empor Berlin"]
[BlackTeam "SK König Plauen"]
[PlyCount "63"]
[WhiteFideId "12974250"]
[BlackFideId "16223420"]
[EventCountry "GER"]
[EventRounds "7"]
[EventType "team-swiss"]
[EventDate "2017.12.26"]

1. e4 c5 2. Nf3 Nc6 3. c4 e5 4. Nc3 Nf6 5. Be2 d6 6. d3 Be7 7. h3 O-O 8. O-O
Re8 9. Be3 Nd4 10. a3 Kh8 11. Rb1 Bd7 12. b4 b6 13. Qd2 Rb8 14. Bd1 Qc8 15. Nh2
Bd8 16. b5 Rb7 17. Ne2 Be6 18. f4 g6 19. Nxd4 exd4 20. Bf2 Nd7 21. Bg3 f5 22.
Bf3 Bc7 23. Rbe1 Bf7 24. exf5 Rxe1 25. Rxe1 Rb8 26. Bg4 gxf5 27. Bxf5 Qd8 28.
Qf2 Nf6 29. Bh4 d5 30. Ng4 Nxg4 31. Bxd8 Nxf2 32. Bxc7 {Aufgabe Schwarz} 1-0

[Event "DVM U14 2017"]
[Site "Verden/Aller GER"]
[Date "2017.12.27"]
[Round "2"]
[White "Kracht, Raphael"]
[Black "Kostanyan, Hakob"]
[Result "1-0"]
[Termination "normal"]
[Board "5.1"]
[WhiteElo "1846"]
[BlackElo "1877"]
[WhiteTeam "SF Brackel"]
[BlackTeam "SC Weisse Dame"]
[PlyCount "69"]
[WhiteFideId "16214382"]
[BlackFideId "12977683"]
[EventCountry "GER"]
[EventRounds "7"]
[EventType "team-swiss"]
[EventDate "2017.12.26"]

1. e4 e5 2. Nf3 Nc6 3. Bb5 Nf6 4. O-O a6 5. Bxc6 dxc6 6. Nxe5 Nxe4 7. Re1 Qd4
8. d3 Qxf2+ 9. Kh1 Ng3+ 10. hxg3 Be6 11. Bf4 O-O-O 12. Qe2 Qd4 13. c3 Qd5 14.
d4 h5 15. Nd2 h4 16. Ng6 Rh7 17. Nxf8 Rxf8 18. Qe5 Qd7 19. gxh4 Rxh4+ 20. Kg1
Rg4 21. Re2 Qe7 22. Rae1 g5 23. Bg3 Qd7 24. Ne4 Qe7 25. Nf2 Rxg3 26. Qxg3 Qd7
27. Qe5 b6 28. Ne4 Kb7 29. Nf6 Qd8 30. Kf2 Bxa2 31. Qe7 Qc8 32. Qd7 Qb8 33. Re8
Rxe8 34. Rxe8 Qa7 35. Qc8# 1-0

[Event "DVM U14 2017"]
[Site "Verden/Aller GER"]
[Date "2017.12.27"]
[Round "2"]
[White "Tham, Minh"]
[Black "Skabs, Denis"]
[Result "1/2-1/2"]
[Termination "normal"]
[Board "5.2"]
[WhiteElo "1837"]
[BlackElo "1717"]
[WhiteTeam "SC Weisse Dame"]
[BlackTeam "SF Brackel"]
[PlyCount "55"]
[WhiteFideId "12997323"]
[BlackFideId "16248449"]
[EventCountry "GER"]
[EventRounds "7"]
[EventType "team-swiss"]
[EventDate "2017.12.26"]

1. e4 e5 2. Nf3 Nc6 3. Bc4 Nf6 4. d3 Be7 5. c3 d6 6. Bb3 Be6 7. Nbd2 d5 8. Qe2
Qd6 9. O-O Nd7 10. Rd1 g5 11. exd5 Bxd5 12. Ne4 Bxe4 13. dxe4 Qg6 14. Ba4 g4
15. Nd2 h5 16. Nc4 O-O-O 17. Bxc6 Qxc6 18. Na5 Qa4 19. b4 Nc5 20. Bd2 Nd3 21.
Be3 Nf4 22. Qf1 Qc2 23. Bxf4 exf4 24. Nxb7 Kxb7 25. Qb5+ Ka8 26. Qc6+ Kb8 27.
Qb5+ Ka8 28. Qc6+ 1/2-1/2

[Event "DVM U14 2017"]
[Site "Verden/Aller GER"]
[Date "2017.12.27"]
[Round "2"]
[White "Schneider, Daniel"]
[Black "Tham, Nam"]
[Result "1-0"]
[Termination "normal"]
[Board "5.3"]
[WhiteElo "1545"]
[BlackElo "1796"]
[WhiteTeam "SF Brackel"]
[BlackTeam "SC Weisse Dame"]
[PlyCount "59"]
[WhiteFideId "16248465"]
[BlackFideId "12997331"]
[EventCountry "GER"]
[EventRounds "7"]
[EventType "team-swiss"]
[EventDate "2017.12.26"]

1. e4 e5 2. Nf3 Nc6 3. Nc3 Nf6 4. Be2 Bc5 5. Nxe5 Nxe5 6. d4 Bxd4 7. Qxd4 d6 8.
Bg5 O-O 9. O-O h6 10. Bh4 Ng6 11. Bxf6 gxf6 12. f4 f5 13. Nd5 f6 14. Bh5 Kg7
15. Rf3 Rg8 16. Bxg6 Kxg6 17. Rg3+ Kf7 18. Rxg8 Kxg8 19. Nxf6+ Kf7 20. Nh5 Kg6
21. Ng3 Qf8 22. Rf1 Bd7 23. Qd1 fxe4 24. Qh5+ Kg7 25. f5 Qf6 26. Qd1 Qxb2 27.
f6+ Kh7 28. Qd5 Be8 29. Qxe4+ Bg6 30. Qe7+ 1-0

[Event "DVM U14 2017"]
[Site "Verden/Aller GER"]
[Date "2017.12.27"]
[Round "2"]
[White "Movsisyan, Andranik"]
[Black "Stych, Paul"]
[Result "1-0"]
[Termination "normal"]
[Board "5.4"]
[WhiteElo "1700"]
[BlackElo "1310"]
[WhiteTeam "SC Weisse Dame"]
[BlackTeam "SF Brackel"]
[PlyCount "90"]
[WhiteFideId "16240391"]
[BlackFideId "16255615"]
[EventCountry "GER"]
[EventRounds "7"]
[EventType "team-swiss"]
[EventDate "2017.12.26"]

1. d4 d5 2. Nf3 Nf6 3. e3 Bf5 4. Nbd2 e6 5. h3 c5 6. c3 Nbd7 7. Nh4 Ne4 8. Nxe4
Qxh4 9. Ng3 Bg6 10. Bb5 Bd6 11. Bxd7+ Kxd7 12. Qg4 Qxg4 13. hxg4 Bxg3 14. fxg3
Rac8 15. Bd2 Be4 16. Rf1 Rhf8 17. Rf2 f5 18. g5 h6 19. gxh6 gxh6 20. O-O-O Rg8
21. Rh1 Rg6 22. Be1 Rxg3 23. Rxf5 Rxg2 24. Rf7+ Kc6 25. Rxh6 Rc2+ 26. Kd1 Re8
27. Rff6 Kb5 28. Rxe6 Rxe6 29. Rxe6 cxd4 30. Rxe4 dxe4 31. Kxc2 d3+ 32. Kb3 a6
33. a4+ Kc5 34. c4 b6 35. Kc3 a5 36. b3 Kd6 37. Kd4 Kc6 38. Kxe4 Kc5 39. Kxd3
Kd6 40. Kd4 Kc6 41. e4 Kd6 42. Bg3+ Ke6 43. e5 Ke7 44. Bh4+ Ke8 45. Bg3 Kd7 1-0

[Event "DVM U14 2017"]
[Site "Verden/Aller GER"]
[Date "2017.12.27"]
[Round "2"]
[White "Haller, Luis"]
[Black "Stirnberg, Noah"]
[Result "0-1"]
[Termination "normal"]
[Board "6.1"]
[WhiteElo "1711"]
[BlackElo "1836"]
[WhiteTeam "SF Konz-Karthaus"]
[BlackTeam "SK Blauer Springer Paderborn"]
[PlyCount "54"]
[WhiteFideId "16209826"]
[BlackFideId "16207742"]
[EventCountry "GER"]
[EventRounds "7"]
[EventType "team-swiss"]
[EventDate "2017.12.26"]

1. e4 c5 2. Nc3 Nc6 3. f4 d6 4. Nf3 Nf6 5. Bc4 e6 6. O-O Be7 7. d3 O-O 8. Qe1
d5 9. Bb3 Re8 10. Bd2 a6 11. a4 Rb8 12. e5 Nd7 13. g4 b5 14. axb5 axb5 15. Qg3
Qb6 16. Kh1 c4 17. Ba2 d4 18. Ne4 Nc5 19. Nxc5 Qxc5 20. Rg1 Bb7 21. h4 c3 22.
bxc3 dxc3 23. Be1 Nd4 24. Rf1 Nxf3 25. Rxf3 Qe3 26. Kg2 Qe2+ 27. Bf2 Bxh4 {
Aufgabe Weiß} 0-1